| 000 | 00408nam a22001697a 4500 | ||
|---|---|---|---|
| 003 | NUST - PNEC | ||
| 005 | 20170116181144.0 | ||
| 008 | 151008b xxu||||| |||| 00| 0 eng d | ||
| 040 | _cLIBRARY | ||
| 082 | _a627 KIN | ||
| 100 |
_914856 _aKing, Horace Williams |
||
| 245 |
_aHydraulics _cHorace Williams, King |
||
| 250 | _a5th ed. | ||
| 260 | _cc1948 | ||
| 650 |
_911562 _aHydraulics |
||
| 942 |
_2ddc _cBK |
||
| 999 |
_c70609 _d70609 |
||